000 00735nam a2200253Ia 4500
003 OSt
005 20220930195306.0
006 a|||||r|||| 00| 0
007 ta
008 220926b |||||||| |||| 00| 0 hin d
024 _a15011
037 _cDissertations
040 _aCRL
_cCRL
_bhin
041 _2hin
_ahin
100 _aGupta Indu
_9296502
110 _aUniversity of Delhi. Faculty of Arts. Department of Hindi
245 0 _aMahadevi ki nari bhawana
260 _c1969
650 _aHINDI LITERATURE
_923866
700 _a Dr. Vimla Gupta Gu.
_9564046
700 _aUniversity of Delhi. Faculty of Arts. Department of Hindi
942 _cDIS
_2CC
999 _c898882
_d898882